• 首页
  • 本馆介绍
  • 公告通知
  • 最新文献
  • 馆藏检索
  • 电子资源
  • 读者导购
  • 参考咨询
  • 我的图书馆
  • 登录
  • 详细信息显示
  • 放入我的书架
  • 预约/预借图书
  • 作者相关作品
  • 分类相关作品
  • 丛书相关作品
  • 出版社相关作品

书目信息

  • 表格格式
  • 工作单格式
  • 卡片格式
题名:
装修预算一本就够
    
 
作者: ;理想·宅 编
分册:  
出版信息: 北京   化学工业出版社  2017.9
页数: 186页
开本: 24cm
丛书名:
单 册:
中图分类: TU723.3
科图分类:
主题词: 住宅--室内装修--建筑预算定额--基本知识
电子资源:
ISBN: 978-7-122-28609-3
000 00836nam0 2200241 450
001 0400002979
005 20171021165545.0
010    @a978-7-122-28609-3@dCNY39.80
100    @a20170328d2017 em y0chiy50 ea
101 0  @achi
102    @aCN@b110000
105    @aa z 000yy
106    @ar
200 1  @a装修预算一本就够@9zhuang xiu yu suan yi ben jiu gou@e畅销升级版@f理想·宅编
210    @a北京@c化学工业出版社@d2017.9
215    @a186页@c图@d24cm
300    @a超实用装修宝典
330    @a本书基本上涵盖了家庭装修中与费用相关的各方面内容,包括装修前的资金规划、装修术语、装修预算制定、常见问题解答以及装修报价的详细参考明细等。
606 0  @a住宅@x室内装修@x建筑预算定额@x基本知识
690    @aTU723.3@v5
711 02 @a理想·宅@9li xiang · zhai@4编
801  0 @aCN@b91MARC@c20171021
905    @b1035366-70@dTU723.3@f5@e1235
    
    装修预算一本就够:畅销升级版/理想·宅编.-北京:化学工业出版社,2017.9
    186页:图;24cm
    超实用装修宝典
    
    ISBN 978-7-122-28609-3:CNY39.80
    本书基本上涵盖了家庭装修中与费用相关的各方面内容,包括装修前的资金规划、装修术语、装修预算制定、常见问题解答以及装修报价的详细参考明细等。
●
相关链接 在E读中查询图书 在五车中查询图书 在当当中查询图书 在豆瓣中查询图书


正题名:装修预算一本就够     索取号:TU723.3/1235         预约/预借

序号 登录号 条形码 馆藏地/架位号 状态 备注
1 1035366   210353669   第二样本阅览室/ [索取号:TU723.3/1235] 在馆    
2 1035367   210353678   密集书库-生命科学系/ [索取号:TU723.3/1235] 在馆    
3 1035368   210353687   第三借阅区/ [索取号:TU723.3/1235] 在馆    
4 1035369   210353696   第三借阅区/ [索取号:TU723.3/1235] 在馆    
5 1035370   210353703   第三借阅区/ [索取号:TU723.3/1235] 在馆    
唐山师范学院图书馆 欢迎您!
大连网信软件有限公司© 版权所有